| 000 | 00925nam a2200229Ii 4500 | ||
|---|---|---|---|
| 003 | JO-AjNU | ||
| 008 | 230605s9999||||xx |||||||||||||| ||und|| | ||
| 017 | _a2017/8/4271 | ||
| 020 | _a978-9957-76-569-9 | ||
| 040 |
_aJO-AjNU _bara _erda _cJO-AjNU |
||
| 041 | _aara | ||
| 050 | 1 | 4 | _aBF31.T3653 2019 |
| 100 | 3 |
_aالتميمي، ياسين علوان وآخرون؛ م. مشارك علي ياسين التميمي، م.مشارك حيدر عباس الربيعي, _eauthor _959976 |
|
| 245 | 0 | 0 | _aمعجم مصطلحات العلوم النفسية والتربوية والبدنية |
| 250 | _aط1 | ||
| 264 | 3 | 1 | _aعمان: دار الرضوان للنشر والتوزيع، 2019 |
| 300 | _a240ص | ||
| 336 |
_atext _btxt _2rdacontent |
||
| 337 |
_aunmediated _bn _2rdamedia |
||
| 338 |
_avolume _bnc _2rdacarrier |
||
| 650 | 4 |
_aالقواميس-علم النفس-التربية-التربية البدنية _959977 |
|
| 999 |
_aA27017 _c30585 _d30585 |
||